Statystyki dla Top 10 najmniejszych państw Europy według ludności

Kliknij tutaj aby rozwiązać quiz!

Ogólne statystyki

  • Ten quiz został rozwiązany 337 razy
  • Średni wynik to 8 z 10

Statystyki odpowiedzi

Liczba ludnościPaństwo% Poprawnych
800Watykan
99%
32 000San Marino
95%
85 000Andora
92%
37 000Liechtenstein
92%
30 000Monako
89%
520 000Luksemburg
88%
412 665Malta
81%
317 000Islandia
67%
650 000Czarnogóra
66%
1 257 000Estonia
63%

Rozkład punktacji

Percentyl według liczby udzielonych odpowiedzi

Procent ludzi z każdym wynikiem

Twoja historia wyników

Nie rozwiązałeś tego quizu